LIBRARY & INFORMATION CENTRE, KCAET, TAVANUR

ONLINE PUBLIC ACCESS CATALOGUE (OPAC)

Dictionary of Ceramic Science and Engineering / (Record no. 10882)

MARC details
000 -LEADER
fixed length control field 00311cam a2200121ua 4500
082 ## - DEWEY DECIMAL CLASSIFICATION NUMBER
Classification number 666.0321
Item number OBA/DI
100 ## - MAIN ENTRY--AUTHOR NAME
Personal name Obannon, Loran S .
245 ## - TITLE STATEMENT
Title Dictionary of Ceramic Science and Engineering /
250 ## - EDITION STATEMENT
Edition statement 1 /
260 ## - PUBLICATION, DISTRIBUTION, ETC. (IMPRINT)
Place of publication Newyork :
Name of publisher Plenum Press ,
Year of publication 1984.
300 ## - PHYSICAL DESCRIPTION
Number of Pages 303 ; .
942 ## - ADDED ENTRY ELEMENTS (KOHA)
Koha item type Reference
Holdings
Withdrawn status Lost status Damaged status Collection code Home library Current library Shelving location Date acquired Full call number Accession Number Koha item type
      Reference KAUAET KAUAET Reference 26/03/1987 666.0321.OBA/DI 16144 Reference
free website counter